<?xml version="1.0" encoding="UTF-8"?>
<collection xmlns="http://www.loc.gov/MARC21/slim">
 <record>
  <leader>     na                 </leader>
  <controlfield tag="001">INLIS000000000014832</controlfield>
  <controlfield tag="005">20250912102552</controlfield>
  <datafield tag="035" ind1=" " ind2=" ">
   <subfield code="a">0010-0925000029</subfield>
  </datafield>
  <controlfield tag="006">a           ||| |</controlfield>
  <controlfield tag="008">250912                e          0 ind  </controlfield>
  <datafield tag="020" ind1=" " ind2=" ">
   <subfield code="a">978-623-346-933-3</subfield>
  </datafield>
  <datafield tag="041" ind1=" " ind2=" ">
   <subfield code="a">id</subfield>
  </datafield>
  <datafield tag="082" ind1=" " ind2=" ">
   <subfield code="a">320.959 8</subfield>
  </datafield>
  <datafield tag="090" ind1=" " ind2=" ">
   <subfield code="a">320.5 TIR m</subfield>
  </datafield>
  <datafield tag="100" ind1="0" ind2=" ">
   <subfield code="a">Riwanto Tirtosudarmo</subfield>
  </datafield>
  <datafield tag="245" ind1="1" ind2=" ">
   <subfield code="a">Riwanto Tirtosudarmo dan Nasionalisme yang lebih rileks :</subfield>
   <subfield code="b">festschrift 70 tahun demografer politik pertama Indonesia /</subfield>
   <subfield code="c">Riwanto Tirtosudarmo</subfield>
  </datafield>
  <datafield tag="260" ind1=" " ind2=" ">
   <subfield code="a">Jakarta :</subfield>
   <subfield code="b">Kompas,</subfield>
   <subfield code="c">2023</subfield>
  </datafield>
  <datafield tag="300" ind1=" " ind2=" ">
   <subfield code="a">xxiv, 400 hlm.; 23 cm,</subfield>
  </datafield>
  <datafield tag="084" ind1=" " ind2=" ">
   <subfield code="a">320.959 8  RIW r</subfield>
  </datafield>
  <datafield tag="650" ind1=" " ind2=" ">
   <subfield code="a">Demografi</subfield>
  </datafield>
  <datafield tag="650" ind1=" " ind2=" ">
   <subfield code="a">Politik dan kebudayaan</subfield>
  </datafield>
  <datafield tag="650" ind1=" " ind2=" ">
   <subfield code="a">Indonesia -- Politik dan pemerintahan</subfield>
  </datafield>
  <datafield tag="520" ind1=" " ind2=" ">
   <subfield code="a">Buku ini adalah kumpulan esai dari kolega dan sahabat untuk merayakan 70 tahun usia Riwanto Tirtosudarmo seorang peneliti sosial yang hampir 40 tahun bekerja di Lembaga Ilmu Pengetahuan Indonesia (LIPI).&#13;
&#13;
Esai- esai ini semula merupakan materi yang disampaikan dalam delapan kali seri webinar kerjasama antara Pusat Studi Heritage Nusantara Universitas Kristen Satya Wacana (PSHN-UKSW) dengan Pusat Penelitian Kemasyarakatan dan Kebudayaan Lembaga Ilmu Pengetahuan Indonesia (PMB-LIPI) dengan mengambil tema “Transformasi Sosial Budaya Pasca Reformasi”. Dalam setiap seri webinar dipilih sebuah sub-tema yang pernah menjadi topik kajian Riwanto Tirtosudarmo sepanjang kariernya sebagai seorang ahli ilmu sosial. Kedelapan sub-tema itu adalah: demografi, etnisitas, migrasi internasional, masyarakat adat, agama lokal, cagar budaya, politik lokal, dan kewarganegaraan.&#13;
&#13;
PEMAPARAN PARA AHLI tentang berbagai isu sosial budaya yang sangat beragam dalam buku ini diharapkan tidak hanya menjadi penghormatan bagi Riwanto Tirtosudarmo atas dedikasinya sebagai peneliti sosial, tetapi lebih dari itu hendaknya dapat merangsang munculnya pemikiran-pemikiran baru tentang berbagai isu kontemporer dalam dunia ilmu sosial dan kemanusiaan baik di dalam maupun di luar Indonesia.</subfield>
  </datafield>
  <datafield tag="990" ind1=" " ind2=" ">
   <subfield code="a">025.4113/PC/25</subfield>
  </datafield>
  <datafield tag="990" ind1=" " ind2=" ">
   <subfield code="a">025.4114/PC/25</subfield>
  </datafield>
  <datafield tag="990" ind1=" " ind2=" ">
   <subfield code="a">025.4115/PC/25</subfield>
  </datafield>
 </record>
</collection>
